000 00979nas a2200301 4500
001 BR2015007004
003 BR-BrBNA
005 20231205130026.0
007 ta
008 230509b bl.|||p| |||| 00| 00por d
040 _aBR-BrBNA
_bpor
_cBiblioteca Nacional de Agricultura
041 _a(En)
072 _aQ04
100 1 _aSforcin, J.M.
100 1 _aKaneno, R.
100 1 _aFunari, S.R.C.
245 1 _aAbsence of seasonal effect on the immunomodulatory action of brazilian propolis on natural killer activity
650 _aPROPOLIS
650 _aPRODUTO DE ORIGEM ANIMAL
650 _aCOMPOSICAO DE ALIMENTO
650 _aMEDICAMENTO
650 _aVARIACAO SAZONAL
650 _aANALISE COMPARATIVA
773 0 _tJournal of Venomous Animals and Toxins (Brazil)
_xISSN 1678-4936
_g(2002), v. 8(1) p. 19-29
_wBR2015007004
856 4 0 _uhttp://dx.doi.org/10.1590/S0104-79302002000100003
909 _a202311
_bLúcia
_c55
_dLúcia Elande
942 _2AGRIS
_n0
_cANA
999 _c247506
_d247506